[Event "Landesklasse Ost 2015/2016"]
[Site "?"]
[Date "2015.09.13"]
[Round "1"]
[White "Renner, Wolfgang"]
[Black "Taudte, Stefan"]
[Result "0-1"]
[WhiteElo "1689"]
[BlackElo "1959"]
[PlyCount "144"]
[EventDate "2015.??.??"]
[WhiteTeam "SV Empor Erfurt"]
[BlackTeam "SV Empor Erfurt"]

1. Nf3 d5 2. g3 c5 3. Bg2 Nc6 4. b3 e5 5. d3 Bd6 6. e4 d4 7. Nbd2 Nge7 8. Nc4
Bc7 9. O-O h6 10. a4 Bg4 11. Qe1 Nb4 12. Qd2 f6 13. Ba3 a5 14. Nh4 g5 15. Bxb4
axb4 16. Nf5 Ra7 17. h3 Nxf5 18. exf5 Bxf5 19. Qe2 O-O 20. Qh5 Kg7 21. Rae1 Qd7
22. Be4 Bxe4 23. Rxe4 Raa8 24. Rfe1 Rf7 25. Kg2 Rg8 26. Kf1 Qf5 27. Ke2 Qg6 28.
Qxg6+ Kxg6 29. Kf3 Re8 30. Kg2 Rfe7 31. f4 gxf4 32. gxf4 Kf7 33. fxe5 Bxe5 34.
Kf3 Bc7 35. Rxe7+ Rxe7 36. Rg1 f5 37. h4 Kf6 38. Rg8 Rg7 39. Rf8+ Kg6 40. Nd2
Rf7 41. h5+ Kf6 42. Rxf7+ Kxf7 43. Kg2 Kf6 44. Nf3 f4 45. Kh3 Kf5 46. Kh4 Bd6
47. Kh3 Be7 48. Kg2 Kg4 49. Ne5+ Kxh5 50. Kf3 Kg5 51. Nf7+ Kg6 52. Nxh6 Kxh6
53. Kxf4 Kg6 54. Ke4 Kf7 55. Kd5 Ke8 56. Ke6 Bf8 57. Ke5 Kd7 58. Kd5 Be7 59.
Ke5 Kc6 60. Ke4 Kd6 61. Kf4 Ke6 62. Ke4 Bd6 63. Kf3 Kf5 64. Ke2 Kf4 65. Kf2 Be7
66. Ke2 Kg3 67. Kd2 Kf2 68. Kc1 Ke1 69. Kb2 Kd1 70. Kb1 Bg5 71. Kb2 Bc1+ 72.
Ka2 Ba3 0-1

[Event "Landesklasse Ost 2015/2016"]
[Site "?"]
[Date "2015.09.13"]
[Round "1"]
[White "Nicolai, Tim"]
[Black "Kompe, Jörg"]
[Result "1-0"]
[WhiteElo "1817"]
[BlackElo "1828"]
[PlyCount "45"]
[EventDate "2015.??.??"]
[WhiteTeam "SV Empor Erfurt"]
[BlackTeam "SV Empor Erfurt"]

1. e4 c5 2. Nf3 d6 3. d4 cxd4 4. Nxd4 Nf6 5. Nc3 a6 6. f4 e5 7. Nf3 Qc7 8. Bd3
Be7 9. h3 Nc6 10. Be3 exf4 11. Bxf4 Ne5 12. Qe2 Be6 13. Nd4 Qc5 14. Be3 Nxd3+
15. cxd3 Qe5 16. Rf1 O-O 17. Nf5 Bxf5 18. Rxf5 Qg3+ 19. Kd2 h6 20. Raf1 Nh7 21.
R1f3 Qg6 22. Nd5 Bd8 23. Nf4 1-0

[Event "Landesklasse Ost 2015/2016"]
[Site "?"]
[Date "2015.09.13"]
[Round "1"]
[White "Zugehör, Frank"]
[Black "Strauch, Martin"]
[Result "1/2-1/2"]
[WhiteElo "1885"]
[BlackElo "1766"]
[PlyCount "35"]
[EventDate "2015.??.??"]
[WhiteTeam "SV Empor Erfurt"]
[BlackTeam "SV Empor Erfurt"]

1. Nf3 d5 2. d3 Nf6 3. g3 Nc6 4. Bg2 Bg4 5. O-O e6 6. Nbd2 Bb4 7. c3 Be7 8. b4
a6 9. a4 O-O 10. Rb1 b5 11. Nb3 Nd7 12. Nbd4 Na7 13. Ra1 c5 14. bxc5 Bxc5 15.
axb5 Nxb5 16. Nxb5 axb5 17. Rxa8 Qxa8 18. Bf4 1/2-1/2

[Event "Landesklasse Ost 2015/2016"]
[Site "?"]
[Date "2015.09.13"]
[Round "1"]
[White "Streichardt, Niklas"]
[Black "Wahlicht, Mike"]
[Result "1-0"]
[WhiteElo "1658"]
[BlackElo "1732"]
[PlyCount "70"]
[EventDate "2015.??.??"]
[WhiteTeam "SV Empor Erfurt"]
[BlackTeam "SV Empor Erfurt"]

1. e4 c5 2. Nf3 Nc6 3. d4 cxd4 4. Nxd4 Nf6 5. Nc3 e5 6. Nf5 d5 7. exd5 Bxf5 8.
dxc6 bxc6 9. Qf3 Qd7 10. Bg5 e4 11. Qe2 Be7 12. Bxf6 gxf6 13. Nxe4 O-O 14. Ng3
Bb4+ 15. c3 Bxc3+ 16. bxc3 Rfe8 17. Rd1 Rxe2+ 18. Bxe2 Qe6 19. O-O Bg6 20. c4
f5 21. f4 h5 22. Bxh5 Qxc4 23. Be2 Qc5+ 24. Kh1 Qe7 25. Bf3 Rc8 26. Ne2 Kg7 27.
Rfe1 Qf6 28. Nd4 c5 29. Nb5 Rd8 30. Rc1 Qb6 31. Nc3 Rd2 32. h4 Qb2 33. Ne2 Rc2
34. Rcd1 Qxa2 35. Ra1 Qb2 {ZÜ} 1-0

[Event "Landesklasse Ost 2015/2016"]
[Site "?"]
[Date "2015.09.13"]
[Round "1"]
[White "Aydin, Benjamin"]
[Black "Thiemann, Jürgen"]
[Result "1/2-1/2"]
[WhiteElo "1691"]
[BlackElo "1692"]
[PlyCount "75"]
[EventDate "2015.??.??"]
[WhiteTeam "SV Empor Erfurt"]
[BlackTeam "SV Empor Erfurt"]

1. e4 c6 2. d4 d5 3. e5 Bf5 4. Bd3 Bxd3 5. Qxd3 e6 6. Ne2 Qa5+ 7. Bd2 Qa6 8.
Qb3 b6 9. Nbc3 Ne7 10. O-O-O Nd7 11. f4 h5 12. h3 b5 13. g4 g6 14. Rdf1 Nb6 15.
Kb1 Nc4 16. Bc1 Qb7 17. Nd1 a5 18. a4 b4 19. Ne3 Nxe3 20. Bxe3 Qa6 21. Nc1 Kd7
22. Nd3 Kc7 23. Nc5 Qb6 24. Qd3 Bg7 25. b3 Ra7 26. Ka2 Raa8 27. Rb1 hxg4 28.
hxg4 Rxh1 29. Rxh1 Rh8 30. Rxh8 Bxh8 31. Qa6 Qxa6 32. Nxa6+ Kb6 33. Nc5 Ng8 34.
Nd3 Nh6 35. Nf2 Bg7 36. Kb2 Bf8 37. g5 Nf5 38. Ng4 1/2-1/2

[Event "Landesklasse Ost 2015/2016"]
[Site "?"]
[Date "2015.09.13"]
[Round "1"]
[White "Künzel, Andre"]
[Black "Sack, Matthias"]
[Result "1-0"]
[WhiteElo "1868"]
[BlackElo "1962"]
[PlyCount "139"]
[EventDate "2015.??.??"]
[WhiteTeam "Schachklub Weida"]
[BlackTeam "SV Hermsdorf"]

1. d4 Nf6 2. Nf3 e6 3. e3 b6 4. Bd3 Bb7 5. O-O Be7 6. c4 Ne4 7. Bxe4 Bxe4 8.
Nc3 Bb7 9. e4 O-O 10. d5 a5 11. Bf4 d6 12. Qd2 e5 13. Bg5 Nd7 14. Bxe7 Qxe7 15.
Qg5 f6 16. Qg4 Kh8 17. Nh4 Nc5 18. Rfe1 Rae8 19. Re3 Bc8 20. Qh5 Qf7 21. Qxf7
Rxf7 22. b3 g6 23. Nb5 f5 24. exf5 gxf5 25. f4 e4 26. Nf3 Rg8 27. Nfd4 Rg4 28.
Ne2 Rfg7 29. g3 h5 30. Kg2 Nd3 31. Rf1 Kg8 32. h3 R4g6 33. Ned4 h4 34. Ne2 Nc5
35. Kh2 Ba6 36. Nbd4 Bc8 37. Rg1 Nd3 38. Nb5 Kf8 39. Nbd4 Bd7 40. Nc2 Kf7 41.
Ne1 hxg3+ 42. Rexg3 Rxg3 43. Nxg3 Nc5 44. Nc2 Rh7 45. Nd4 Kf6 46. Nge2 Nd3 47.
Rg8 Nf2 48. Ng1 Nd3 49. Nde2 Rg7 50. Rxg7 Kxg7 51. Kg3 b5 52. cxb5 Bxb5 53. Nc3
Bd7 54. Nge2 c5 55. Nd1 Kf6 56. Ne3 Bb5 57. Nc3 Ba6 58. h4 Nc1 59. h5 Ne2+ 60.
Nxe2 Bxe2 61. h6 Bd3 62. Nxf5 Kg6 63. Nxd6 Kxh6 64. Kf2 Bb1 65. Nc4 Kg6 66. a3
Kf5 67. Ke3 a4 68. bxa4 Bd3 69. Nd6+ Kf6 70. Nxe4+ 1-0

[Event "Landesklasse Ost 2015/2016"]
[Site "?"]
[Date "2015.09.13"]
[Round "1"]
[White "Hadlich, Gerald"]
[Black "Schumann, Robert"]
[Result "1-0"]
[WhiteElo "1808"]
[BlackElo "1790"]
[PlyCount "139"]
[EventDate "2015.??.??"]
[WhiteTeam "SV Hermsdorf"]
[BlackTeam "Schachklub Weida"]

1. e4 e5 2. Nf3 Nc6 3. Bb5 d6 4. d4 exd4 5. Nxd4 Bd7 6. Nc3 g6 7. Be3 Bg7 8.
Qd2 Nge7 9. O-O O-O 10. Rad1 a6 11. Be2 b5 12. a3 f5 13. exf5 Nxd4 14. Bxd4
Nxf5 15. Bxg7 Nxg7 16. Bf3 Rb8 17. b4 Nf5 18. Bd5+ Kg7 19. Ne4 h6 20. Qc3+ Kh7
21. Bb3 Rc8 22. Rfe1 Ng7 23. Ng3 Qg5 24. Ne4 Qf4 25. f3 Qh4 26. Nc5 Bf5 27. Ne6
Bxe6 28. Bxe6 Nxe6 29. Rxe6 Qg5 30. Rde1 Rf7 31. Re8 Rxe8 32. Rxe8 Rg7 33. Ra8
Qc1+ 34. Kf2 Qf4 35. g3 Qf5 36. Kg2 Qd5 37. Ra7 Qe6 38. Rxc7 Qe2+ 39. Kg1 Re7
40. Rxe7+ Qxe7 41. Qd3 Qe5 42. Kg2 d5 43. h4 Kg7 44. Kf2 d4 45. Qe4 Qxe4 46.
fxe4 h5 47. Kf3 Kf6 48. Kf4 Ke6 49. e5 Kd5 50. e6 Kxe6 51. Ke4 Kf6 52. Kxd4 Kf5
53. c4 bxc4 54. Kxc4 Kg4 55. a4 Kxg3 56. b5 axb5+ 57. axb5 Kxh4 58. b6 g5 59.
b7 g4 60. b8=Q Kh3 61. Qb1 h4 62. Qh1+ Kg3 63. Kd3 h3 64. Ke2 Kh4 65. Kf1 Kg3
66. Kg1 Kh4 67. Qe4 Kg3 68. Qe3+ Kh4 69. Kh2 Kh5 70. Kg3 1-0

[Event "Landesklasse Ost 2015/2016"]
[Site "?"]
[Date "2015.09.13"]
[Round "1"]
[White "Heine, Robert"]
[Black "Schulz, Phillip"]
[Result "1/2-1/2"]
[WhiteElo "1573"]
[BlackElo "1693"]
[PlyCount "49"]
[EventDate "2015.??.??"]
[WhiteTeam "Schachklub Weida"]
[BlackTeam "SV Hermsdorf"]

1. d4 Nf6 2. Nf3 c5 3. c3 e6 4. Nbd2 d5 5. e3 Be7 6. Bd3 Nc6 7. O-O O-O 8. Re1
Rb8 9. a4 a6 10. Bc2 b5 11. axb5 axb5 12. e4 cxd4 13. cxd4 dxe4 14. Nxe4 Nb4
15. Nxf6+ Bxf6 16. Be4 Bb7 17. Bxb7 Rxb7 18. Qb3 Nd5 19. Be3 Qb6 20. Rec1 Rbb8
21. Rc2 Rfc8 22. Rac1 Rxc2 23. Rxc2 h6 24. h3 Ra8 25. Rc1 1/2-1/2

[Event "Landesklasse Ost 2015/2016"]
[Site "?"]
[Date "2015.09.13"]
[Round "1"]
[White "Bülau, Daniel"]
[Black "Wagner, Uwe"]
[Result "1/2-1/2"]
[WhiteElo "1666"]
[BlackElo "1713"]
[PlyCount "34"]
[EventDate "2015.??.??"]
[WhiteTeam "SV Hermsdorf"]
[BlackTeam "Schachklub Weida"]

1. e4 c5 2. Nc3 e6 3. g3 a6 4. Bg2 d6 5. d3 Nf6 6. f4 Qc7 7. Nf3 Nbd7 8. O-O
Be7 9. h3 O-O 10. g4 Rb8 11. f5 Ne5 12. Nxe5 dxe5 13. g5 Nd7 14. Qg4 f6 15.
fxe6 Nb6 16. Nd5 Qd8 17. gxf6 Bxf6 1/2-1/2

[Event "Landesklasse Ost 2015/2016"]
[Site "?"]
[Date "2015.09.13"]
[Round "1"]
[White "Urban, Bernd"]
[Black "Pietzsch, Gerhard"]
[Result "0-1"]
[WhiteElo "1739"]
[BlackElo "1846"]
[PlyCount "132"]
[EventDate "2015.??.??"]
[WhiteTeam "Schachklub Weida"]
[BlackTeam "SV Hermsdorf"]

1. c4 Nf6 2. Nc3 g6 3. Nf3 Bg7 4. e4 d6 5. Be2 O-O 6. d4 e5 7. O-O exd4 8. Nxd4
Nc6 9. Be3 Bd7 10. Rc1 Nxd4 11. Bxd4 Bc6 12. f3 Nh5 13. Bxg7 Nxg7 14. Qd2 f5
15. Bd3 fxe4 16. Bxe4 Qd7 17. Rcd1 Bxe4 18. Nxe4 Qc6 19. b3 Rae8 20. Nc3 Nf5
21. Rfe1 a6 22. Nd5 Qc5+ 23. Qf2 Rxe1+ 24. Rxe1 Qxf2+ 25. Kxf2 Rf7 26. Re4 c6
27. Ne3 Nxe3 28. Kxe3 Kf8 29. Kd4 Re7 30. f4 Kf7 31. g4 Rd7 32. Kd3 b6 33. h3
a5 34. a4 h6 35. Kd4 Re7 36. h4 Rd7 37. Re3 Rd8 38. Rf3 Rg8 39. f5 gxf5 40.
Rxf5+ Ke6 41. Rf4 Rd8 42. Rf5 Rg8 43. Rf4 Rd8 44. Ke4 d5+ 45. cxd5+ cxd5+ 46.
Kd4 Rg8 47. Ke3 Rc8 48. Kd4 Rc1 49. Rf5 Rg1 50. Rf4 Rg3 51. g5 hxg5 52. hxg5
Rxg5 53. Kc3 Ke5 54. Rf8 Rg3+ 55. Kc2 Kd4 56. Rf4+ Ke5 57. Rh4 Kd6 58. b4 axb4
59. Rxb4 Kc5 60. Rh4 d4 61. Rh5+ Kc4 62. Rb5 d3+ 63. Kd2 Rg2+ 64. Ke1 Kc3 65.
Rxb6 d2+ 66. Kd1 Rg1+ 0-1

[Event "Landesklasse Ost 2015/2016"]
[Site "?"]
[Date "2015.09.13"]
[Round "1"]
[White "Baulig, Manuel"]
[Black "Heine, Mario"]
[Result "1-0"]
[WhiteElo "1675"]
[BlackElo "1784"]
[PlyCount "99"]
[EventDate "2015.??.??"]
[WhiteTeam "SV Hermsdorf"]
[BlackTeam "Schachklub Weida"]

1. d4 d6 2. c4 Nf6 3. Nc3 Nbd7 4. e4 e5 5. d5 c6 6. Be3 Be7 7. Bd3 O-O 8. f3
Re8 9. Nge2 Nf8 10. Qc2 N6d7 11. g3 a5 12. Na4 Ng6 13. h4 Bf8 14. Kd2 h5 15.
Raf1 Qe7 16. Bg5 f6 17. Be3 Qd8 18. g4 hxg4 19. fxg4 Nh8 20. Ng3 Be7 21. Nf5
Nf8 22. Nb6 Rb8 23. Nxc8 Rxc8 24. Kd1 Nf7 25. Qh2 Qd7 26. g5 cxd5 27. exd5 b5
28. Nxe7+ Rxe7 29. Bf5 Qc7 30. Bxc8 Qxc8 31. gxf6 Rc7 32. Qg2 g6 33. h5 Rxc4
34. hxg6 Rg4 35. gxf7+ Kxf7 36. Qh3 Qc4 37. Qh5+ Rg6 38. Rhg1 Qxd5+ 39. Bd2
Qxa2 40. Rxg6 Qb1+ 41. Ke2 Qe4+ 42. Be3 Qc2+ 43. Kf3 Nxg6 44. Qh7+ Ke6 45. Kg3
Qd3 46. Qg8+ Kd7 47. Qf7+ Kd8 48. Rf3 Kc8 49. Qe8+ Kb7 50. Qd7+ 1-0

[Event "Landesklasse Ost 2015/2016"]
[Site "?"]
[Date "2015.09.13"]
[Round "1"]
[White "Lehmann, Volkhard"]
[Black "Sperhake, Franz"]
[Result "1/2-1/2"]
[WhiteElo "1668"]
[BlackElo "1653"]
[PlyCount "117"]
[EventDate "2015.??.??"]
[WhiteTeam "Schachklub Weida"]
[BlackTeam "SV Hermsdorf"]

1. d4 d5 2. Bf4 c5 3. dxc5 Nc6 4. e3 e6 5. Nf3 Bxc5 6. c3 Nf6 7. Nbd2 O-O 8.
Be2 Qe7 9. O-O Ne4 10. Qc2 e5 11. Bg3 Nxg3 12. hxg3 d4 13. exd4 exd4 14. Rfe1
Be6 15. Nb3 Bxb3 16. axb3 Qf6 17. Bb5 dxc3 18. bxc3 Rfe8 19. Rad1 Rxe1+ 20.
Rxe1 Rd8 21. b4 Bb6 22. Re4 g6 23. Rf4 Qd6 24. Qa2 Qe7 25. Bc4 Rf8 26. Bd5 Nd8
27. Re4 Qf6 28. Qd2 Nc6 29. Rf4 Qe7 30. Rh4 h5 31. g4 Ne5 32. Nxe5 Qxh4 33.
Nxg6 Qxg4 34. Nxf8 Kxf8 35. Bxb7 h4 36. Bf3 Qg6 37. Qd7 Qc2 38. Qc8+ Kg7 39.
Qg4+ Kf8 40. Be2 Qc1+ 41. Bf1 Qxc3 42. Qxh4 Qb2 43. b5 Qc3 44. Qh6+ Ke7 45.
Qg5+ Kf8 46. Qf5 Qc1 47. Qd3 Qc5 48. Qf3 Qc1 49. g3 Qc5 50. Kg2 Qc2 51. Be2 Qc5
52. Qf4 Qd5+ 53. Kg1 Qd7 54. Bc4 Qd1+ 55. Kg2 Qd7 56. Qh6+ Ke7 57. Qg7 Qf5 58.
Qc3 Qxf2+ 59. Kh3 1/2-1/2

[Event "Landesklasse Ost 2015/2016"]
[Site "?"]
[Date "2015.09.13"]
[Round "1"]
[White "Pietsch, Karsten"]
[Black "Koseck, Christian"]
[Result "1/2-1/2"]
[WhiteElo "1663"]
[BlackElo "1625"]
[PlyCount "73"]
[EventDate "2015.??.??"]
[WhiteTeam "SV Hermsdorf"]
[BlackTeam "Schachklub Weida"]

1. d4 d5 2. c4 e6 3. Nc3 Nf6 4. Bg5 Be7 5. Nf3 Nbd7 6. e3 c6 7. Bd3 O-O 8. O-O
dxc4 9. Bxc4 b5 10. Bd3 a6 11. Qe2 c5 12. dxc5 Nxc5 13. Bc2 Bb7 14. Rfd1 Qc7
15. Bf4 Qb6 16. e4 b4 17. Na4 Nxa4 18. Bxa4 Bxe4 19. Ng5 Bg6 20. Rac1 Rac8 21.
Bc2 Bxc2 22. Rxc2 Rxc2 23. Qxc2 h6 24. Nf3 Nd5 25. Be5 Bf6 26. Bxf6 Nxf6 27.
Rc1 Rd8 28. h3 Qd6 29. Qc4 a5 30. Rc2 Qd5 31. Qc7 Qd1+ 32. Kh2 Rd7 33. Qc8+ Rd8
34. Qc4 Qd5 35. Qc7 Rd7 36. Qc8+ Rd8 37. Qc7 1/2-1/2

[Event "Landesklasse Ost 2015/2016"]
[Site "?"]
[Date "2015.09.13"]
[Round "1"]
[White "Kalisch, Michael"]
[Black "Zeuner, Ulrich"]
[Result "1/2-1/2"]
[WhiteElo "2026"]
[BlackElo "1930"]
[PlyCount "90"]
[EventDate "2015.??.??"]
[WhiteTeam "ESV Lok Sömmerda"]
[BlackTeam "SV Medizin Erfurt"]

1. e4 e5 2. Bc4 Nf6 3. d3 Be7 4. Nf3 d6 5. Nbd2 Nc6 6. c3 O-O 7. Bb3 Na5 8. Bc2
c5 9. Nf1 Nc6 10. Ng3 h6 11. Qe2 Re8 12. O-O Bf8 13. Bb3 b5 14. Nh4 Na5 15.
Nhf5 Nxb3 16. axb3 Kh7 17. c4 g6 18. Ne3 Bg7 19. Bd2 Bd7 20. f4 b4 21. f5 Rf8
22. Rf2 a5 23. Raf1 a4 24. bxa4 Rxa4 25. h4 Ra2 26. Bc1 Ra8 27. Ng4 Nh5 28.
fxg6+ fxg6 29. Nxh5 Rxf2 30. Nxf2 gxh5 31. Qxh5 Qe8 32. Qxe8 Rxe8 33. g3 Be6
34. Kg2 Kg6 35. g4 Kh7 36. Kg3 Rg8 37. Rg1 Bf8 38. g5 Be7 39. Kh2 Rf8 40. Kg3
hxg5 41. hxg5 Kg6 42. Kg2 Rh8 43. Kf3 Rh5 44. Nd1 Bxg5 45. Ke2 Kh6 1/2-1/2

[Event "Landesklasse Ost 2015/2016"]
[Site "?"]
[Date "2015.09.13"]
[Round "1"]
[White "Fischer, Dennis"]
[Black "Kühn, Martin"]
[Result "0-1"]
[WhiteElo "1834"]
[BlackElo "1914"]
[PlyCount "50"]
[EventDate "2015.??.??"]
[WhiteTeam "SV Medizin Erfurt"]
[BlackTeam "ESV Lok Sömmerda"]

1. e4 e6 2. d4 d5 3. exd5 exd5 4. Nf3 Bd6 5. Nc3 Ne7 6. Bd3 Bg4 7. h3 Bh5 8.
Be3 Nbc6 9. g4 Bg6 10. Bxg6 hxg6 11. Qd3 Nb4 12. Qd2 Qd7 13. a3 Nbc6 14. O-O-O
O-O-O 15. Bf4 Na5 16. Bxd6 Qxd6 17. Ne5 Rhf8 18. Na4 Nc4 19. Nxc4 dxc4 20. Nc5
Nc6 21. c3 Na5 22. Kb1 Rfe8 23. Rde1 Qd5 24. Qc2 Nb3 25. Ne4 Rxe4 0-1

[Event "Landesklasse Ost 2015/2016"]
[Site "?"]
[Date "2015.09.13"]
[Round "1"]
[White "Siegemund, Joachim"]
[Black "Rost, Detlef"]
[Result "1-0"]
[WhiteElo "1998"]
[BlackElo "1849"]
[PlyCount "57"]
[EventDate "2015.??.??"]
[WhiteTeam "ESV Lok Sömmerda"]
[BlackTeam "SV Medizin Erfurt"]

1. c4 e6 2. b3 d5 3. Bb2 Nf6 4. Nf3 c5 5. g3 Nc6 6. Bg2 Be7 7. d3 O-O 8. O-O
Qc7 9. e3 Rd8 10. Qe2 e5 11. cxd5 Nxd5 12. Nc3 Be6 13. Rfd1 Rac8 14. Rac1 Qb8
15. h3 b6 16. Kh2 Rd7 17. Nxd5 Bxd5 18. d4 exd4 19. exd4 Re8 20. Ne5 Nxe5 21.
dxe5 Red8 22. Bxd5 Rxd5 23. e6 Qd6 24. exf7+ Kxf7 25. Rxd5 Qxd5 26. Rc4 Re8 27.
Re4 g6 28. Qf3+ Kg8 29. Qc3 1-0

[Event "Landesklasse Ost 2015/2016"]
[Site "?"]
[Date "2015.09.13"]
[Round "1"]
[White "Stumm, Rainer"]
[Black "Koksch, Robert"]
[Result "0-1"]
[WhiteElo "1558"]
[BlackElo "1874"]
[PlyCount "48"]
[EventDate "2015.??.??"]
[WhiteTeam "SV Medizin Erfurt"]
[BlackTeam "ESV Lok Sömmerda"]

1. d4 d5 2. c4 c6 3. Nc3 Nf6 4. Nf3 dxc4 5. e3 b5 6. Qc2 e6 7. b3 b4 8. Ne4 c3
9. a3 Nxe4 10. Qxe4 Qb6 11. Ne5 Bb7 12. Nc4 Qc7 13. Qg4 a5 14. f4 Nd7 15. Bd3
c5 16. O-O g6 17. Ra2 Be7 18. Re2 a4 19. axb4 cxb4 20. bxa4 Rxa4 21. Bc2 Ra1
22. Ne5 Ba6 23. Nxf7 Bxe2 24. Qxe6 Ra6 0-1

[Event "Landesklasse Ost 2015/2016"]
[Site "?"]
[Date "2015.09.13"]
[Round "1"]
[White "Seele, Hartmut"]
[Black "Böhnke, Hartmut"]
[Result "0-1"]
[WhiteElo "1756"]
[BlackElo "1756"]
[PlyCount "46"]
[EventDate "2015.??.??"]
[WhiteTeam "SV Medizin Erfurt"]
[BlackTeam "ESV Lok Sömmerda"]

1. e4 e6 2. d4 d5 3. Nd2 Nf6 4. e5 Nfd7 5. c3 c5 6. Bd3 Nc6 7. Ne2 cxd4 8. cxd4
Qb6 9. Nf3 Bb4+ 10. Kf1 f6 11. a3 Be7 12. Nf4 Nd8 13. h4 O-O 14. Qc2 f5 15. g4
g6 16. gxf5 gxf5 17. Nh5 Nf7 18. Bxf5 exf5 19. Qxf5 Ndxe5 20. Qf4 Qa6+ 21. Kg1
Nxf3+ 22. Qxf3 Kh8 23. Rh2 Ne5 0-1

[Event "Landesklasse Ost 2015/2016"]
[Site "?"]
[Date "2015.09.13"]
[Round "1"]
[White "Riedel, Hans-Joachim"]
[Black "Neubauer, Ralf"]
[Result "1/2-1/2"]
[WhiteElo "1769"]
[BlackElo "1866"]
[PlyCount "78"]
[EventDate "2015.??.??"]
[WhiteTeam "SV Jenapharm Jena"]
[BlackTeam "SV Schott Jena"]

1. e4 c5 2. Nc3 Nc6 3. g3 g6 4. Bg2 Bg7 5. d3 d6 6. f4 Nf6 7. Nf3 O-O 8. O-O
Rb8 9. Nh4 Bg4 10. Qe1 Nd4 11. Qf2 b5 12. h3 Bd7 13. Nd1 Qc8 14. c3 Nc6 15. f5
e5 16. g4 gxf5 17. Nxf5 Bxf5 18. gxf5 h6 19. Qh4 Kh7 20. Bxh6 Bxh6 21. Qxf6 Qd8
22. Qxd8 Rbxd8 23. Nf2 Be3 24. Rae1 Bxf2+ 25. Rxf2 f6 26. Bf3 Rg8+ 27. Rg2 b4
28. Ree2 bxc3 29. bxc3 Rxg2+ 30. Rxg2 Rg8 31. Rxg8 Kxg8 32. Kf2 a5 33. Bh5 Na7
34. Be8 Nc8 35. Ke3 Nb6 36. d4 Kg7 37. dxc5 dxc5 38. h4 Kh6 39. Kd3 Kg7 1/2-1/2

[Event "Landesklasse Ost 2015/2016"]
[Site "?"]
[Date "2015.09.13"]
[Round "1"]
[White "Hesse, Norbert"]
[Black "Bönisch, Julian"]
[Result "1-0"]
[WhiteElo "1715"]
[BlackElo "1615"]
[PlyCount "53"]
[EventDate "2015.??.??"]
[WhiteTeam "SV Jenapharm Jena"]
[BlackTeam "SV Schott Jena"]

1. e4 e6 2. Nf3 d5 3. exd5 exd5 4. Bb5+ c6 5. Be2 Nf6 6. O-O Bd6 7. d4 O-O 8.
Bg5 h6 9. Bh4 Bf5 10. Nbd2 Nbd7 11. Bg3 Qc7 12. c4 dxc4 13. Bxd6 Qxd6 14. Nxc4
Qb4 15. a3 Qe7 16. Re1 Qd8 17. Nd6 Bg6 18. Nxb7 Qb8 19. Ba6 Qf4 20. Nc5 Nxc5
21. dxc5 Rad8 22. Qc1 Qg4 23. Ne5 Qd4 24. Nxc6 Qh4 25. Nxd8 Rxd8 26. Qe3 Ne4
27. Rad1 1-0

[Event "Landesklasse Ost 2015/2016"]
[Site "?"]
[Date "2015.09.13"]
[Round "1"]
[White "Fauth, Frank"]
[Black "Schmiedehausen, Thomas"]
[Result "1/2-1/2"]
[WhiteElo "1668"]
[BlackElo "1527"]
[PlyCount "36"]
[EventDate "2015.??.??"]
[WhiteTeam "SV Jenapharm Jena"]
[BlackTeam "SV Schott Jena"]

1. d4 Nf6 2. c4 g6 3. Nc3 d5 4. Bg5 Ne4 5. Nxe4 dxe4 6. e3 Bg7 7. Ne2 c5 8. Bf4
Qa5+ 9. Qd2 Qxd2+ 10. Kxd2 cxd4 11. exd4 Nc6 12. Be3 O-O 13. Kc3 Rd8 14. Rd1
Bf5 15. h3 h5 16. g3 Ne5 17. Bg2 Nf3 18. a4 Rd7 1/2-1/2

[Event "Landesklasse Ost 2015/2016"]
[Site "?"]
[Date "2015.09.13"]
[Round "1"]
[White "Berkov, Mikhail"]
[Black "Reinsch, Martin"]
[Result "1-0"]
[WhiteElo "1884"]
[BlackElo "1647"]
[PlyCount "59"]
[EventDate "2015.??.??"]
[WhiteTeam "SV Schott Jena"]
[BlackTeam "SV Jenapharm Jena"]

1. e4 c5 2. c3 Nc6 3. d4 cxd4 4. cxd4 d6 5. Nc3 g6 6. Bc4 Bg7 7. Nge2 Nf6 8. f3
O-O 9. O-O a6 10. a3 b5 11. Ba2 Bb7 12. Kh1 Rc8 13. Be3 e6 14. Rc1 Qa5 15. Bf4
Rfd8 16. d5 exd5 17. Nxd5 b4 18. Bg5 Nxd5 19. Bxd8 Qxd8 20. Qxd5 Qd7 21. Qd2
bxa3 22. bxa3 h5 23. Nc3 Kh7 24. Nd5 Qe8 25. Rb1 Rb8 26. Rb6 Bc8 27. Rxb8 Nxb8
28. Qb4 Qb5 29. Qxb5 axb5 30. Nc7 1-0

[Event "Landesklasse Ost 2015/2016"]
[Site "?"]
[Date "2015.09.13"]
[Round "1"]
[White "Auerswald, Klaus"]
[Black "Falk, Peter"]
[Result "1/2-1/2"]
[WhiteElo "1550"]
[BlackElo "1549"]
[PlyCount "55"]
[EventDate "2015.??.??"]
[WhiteTeam "SV Jenapharm Jena"]
[BlackTeam "SV Schott Jena"]

1. e4 Nf6 2. e5 Nd5 3. d4 d6 4. c4 Nb6 5. exd6 exd6 6. h3 Nc6 7. Nf3 Bf5 8. Be2
Be7 9. O-O O-O 10. Nc3 Bf6 11. Be3 Re8 12. Qd2 Qe7 13. b3 h6 14. Rfe1 Rad8 15.
Rac1 Rd7 16. d5 Ne5 17. Bxb6 axb6 18. Nd4 Bh7 19. Bg4 Rdd8 20. f4 Qf8 21. fxe5
dxe5 22. Nf5 h5 23. Ne4 hxg4 24. Nxf6+ gxf6 25. Nh6+ Kh8 26. Nxg4 Qg7 27. Rf1
f5 28. Nh2 1/2-1/2

[Event "Landesklasse Ost 2015/2016"]
[Site "?"]
[Date "2015.09.13"]
[Round "1"]
[White "Monossova, Maria"]
[Black "Kirmse, Horst"]
[Result "1-0"]
[WhiteElo "1590"]
[BlackElo "1426"]
[PlyCount "65"]
[EventDate "2015.??.??"]
[WhiteTeam "SV Schott Jena"]
[BlackTeam "SV Jenapharm Jena"]

1. Nf3 d5 2. d4 e6 3. e3 c5 4. c3 Nc6 5. Bd3 Nf6 6. Nbd2 cxd4 7. Nxd4 Be7 8.
O-O O-O 9. Re1 e5 10. Nxc6 bxc6 11. e4 dxe4 12. Nxe4 h6 13. Qf3 Qd7 14. Rd1 Nd5
15. Bc4 Qf5 16. Bxd5 Qxf3 17. gxf3 Rd8 18. Bxf7+ Kxf7 19. Rxd8 Bxd8 20. Nd6+
Ke6 21. Nxc8 Rxc8 22. Be3 Bb6 23. Rd1 Rc7 24. Kg2 g5 25. Kg3 Kf5 26. Rd6 h5 27.
h4 g4 28. Rh6 gxf3 29. Kxf3 e4+ 30. Kg3 Bxe3 31. fxe3 Rd7 32. Rxh5+ Kg6 33. Ra5
1-0

[Event "Landesklasse Ost 2015/2016"]
[Site "?"]
[Date "2015.11.08"]
[Round "3"]
[White "Kalisch, Michael"]
[Black "Kosowski, Todor"]
[Result "1/2-1/2"]
[WhiteElo "2026"]
[BlackElo "2121"]
[PlyCount "22"]
[EventDate "2015.??.??"]
[WhiteTeam "ESV Lok Sömmerda"]
[BlackTeam "SG Arnstadt-Stadtilm"]

1. e4 c5 2. Nc3 a6 3. g3 d6 4. Bg2 Nf6 5. d3 g6 6. f4 Bg7 7. Nf3 Nc6 8. O-O O-O
9. h3 e5 10. fxe5 dxe5 11. Be3 Qd6 1/2-1/2

[Event "Landesklasse Ost 2015/2016"]
[Site "?"]
[Date "2015.11.08"]
[Round "3"]
[White "Buring, Matthias"]
[Black "Kühn, Martin"]
[Result "1/2-1/2"]
[WhiteElo "2060"]
[BlackElo "1914"]
[PlyCount "69"]
[EventDate "2015.??.??"]
[WhiteTeam "SG Arnstadt-Stadtilm"]
[BlackTeam "ESV Lok Sömmerda"]

1. d4 d5 2. Nf3 Nc6 3. c4 Bg4 4. e3 e5 5. Be2 e4 6. Nfd2 Bxe2 7. Qxe2 Nb4 8.
Na3 Nd3+ 9. Kf1 c6 10. Nc2 f5 11. g3 Nf6 12. Kg2 Be7 13. Ne1 dxc4 14. Nxc4 Qd5
15. b3 b5 16. Nb2 Bb4 17. Bd2 f4 18. exf4 Nxe1+ 19. Rhxe1 Bxd2 20. Qxd2 O-O 21.
Kg1 c5 22. a4 a6 23. Red1 Rfd8 24. axb5 cxd4 25. Rxa6 Rxa6 26. bxa6 Qxb3 27.
Qa5 Ra8 28. Rxd4 Qxb2 29. Rd8+ Rxd8 30. Qxd8+ Kf7 31. Qc7+ Kg6 32. f5+ Kxf5 33.
a7 Qa1+ 34. Kg2 Qa3 35. Qc8+ 1/2-1/2